| 000 | 00833nam a22002177a 4500 | ||
|---|---|---|---|
| 008 | 081217t xxu||||| |||| 00| 0 eng d | ||
| 010 | _aENG-92240 | ||
| 020 |
_a9788190756181 _c55.00 |
||
| 035 | _aEN-75773 | ||
| 037 | _bDBAD / PUB | ||
| 040 |
_adpl _bEnglish |
||
| 082 | _a883.08 | ||
| 100 | _aJeyakumari, P. | ||
| 245 |
_aReflections of war-Hemingway / _cby P. Jeyakumari |
||
| 260 |
_aTiruvannamalai _bThulasi Publication _c2008 |
||
| 270 |
_aNo. 97, Gandhi Road, Cheyyar _bTiruvannamalai |
||
| 300 |
_a82p. _c25cm (pbk) |
||
| 600 |
_aHemingway, Ernest, 1899-1961 _xCriticism and interpretation. |
||
| 942 |
_2ddc _cEN _mJEY _h883.08 |
||
| 999 |
_c20025 _d20025 |
||